000 00455nam a2200145Ia 4500
008 100415s9999 xx 000 0 und d
082 _b11978
_a160
100 _aCohen Morris R
245 _aAn Introduction to Logic and Scientific Method
260 _aLONDON
_c1934
_bROULEDGE AND KEGAN PAUL LTD
365 _b0
630 _aAn Introduction to Logic and Scientific Method
730 _aAn Introduction to Logic and Scientific Method
942 _cBOOK
999 _c594896
_d594893